<?xml version="1.0" encoding="UTF-8"?>
<record
    xmlns:xsi="http://www.w3.org/2001/XMLSchema-instance"
    xsi:schemaLocation="http://www.loc.gov/MARC21/slim http://www.loc.gov/standards/marcxml/schema/MARC21slim.xsd"
    xmlns="http://www.loc.gov/MARC21/slim">

  <leader>00946nam a22002657a 4500</leader>
  <controlfield tag="005">20180210140817.0</controlfield>
  <datafield tag="010" ind1=" " ind2=" ">
    <subfield code="a">1718EN-30 ENG-121796</subfield>
  </datafield>
  <datafield tag="020" ind1=" " ind2=" ">
    <subfield code="a">9789332578951</subfield>
    <subfield code="c">699.00</subfield>
  </datafield>
  <datafield tag="035" ind1=" " ind2=" ">
    <subfield code="a">EN-105328</subfield>
  </datafield>
  <datafield tag="035" ind1=" " ind2=" ">
    <subfield code="a">B-683953-967</subfield>
  </datafield>
  <datafield tag="037" ind1=" " ind2=" ">
    <subfield code="b">BSB</subfield>
    <subfield code="a">dpl</subfield>
  </datafield>
  <datafield tag="037" ind1=" " ind2=" ">
    <subfield code="b">DBAD/PUB</subfield>
  </datafield>
  <datafield tag="082" ind1=" " ind2=" ">
    <subfield code="a">519.5</subfield>
  </datafield>
  <datafield tag="245" ind1=" " ind2=" ">
    <subfield code="a">Business statistics : </subfield>
    <subfield code="c">by David M. Levine...[et al]</subfield>
    <subfield code="b">a first course / </subfield>
  </datafield>
  <datafield tag="250" ind1=" " ind2=" ">
    <subfield code="a">7th ed</subfield>
  </datafield>
  <datafield tag="260" ind1=" " ind2=" ">
    <subfield code="c">2017</subfield>
    <subfield code="a">Noida </subfield>
    <subfield code="b">Pearson India</subfield>
  </datafield>
  <datafield tag="270" ind1=" " ind2=" ">
    <subfield code="a">15th Floor,, Tower-B, World Trade, Plot No.1, Block-C, Sector-16,</subfield>
    <subfield code="b">Noida </subfield>
    <subfield code="e">201301</subfield>
  </datafield>
  <datafield tag="300" ind1=" " ind2=" ">
    <subfield code="c">27cm(pbk)</subfield>
    <subfield code="a">xxi,594p. :</subfield>
    <subfield code="b">ill.</subfield>
  </datafield>
  <datafield tag="500" ind1=" " ind2=" ">
    <subfield code="a">Includes index</subfield>
  </datafield>
  <datafield tag="700" ind1=" " ind2=" ">
    <subfield code="a">Szabat, Kathryan A.</subfield>
  </datafield>
  <datafield tag="700" ind1=" " ind2=" ">
    <subfield code="a">Stephan, David F.</subfield>
  </datafield>
  <datafield tag="700" ind1=" " ind2=" ">
    <subfield code="a">Viswanathan, P.K.</subfield>
  </datafield>
  <datafield tag="942" ind1=" " ind2=" ">
    <subfield code="c">EN</subfield>
    <subfield code="2">ddc</subfield>
    <subfield code="m">BUS</subfield>
    <subfield code="h">519.5</subfield>
  </datafield>
  <datafield tag="999" ind1=" " ind2=" ">
    <subfield code="c">144330</subfield>
    <subfield code="d">144330</subfield>
  </datafield>
  <datafield tag="952" ind1=" " ind2=" ">
    <subfield code="0">0</subfield>
    <subfield code="1">0</subfield>
    <subfield code="4">0</subfield>
    <subfield code="7">1</subfield>
    <subfield code="8">NFIC</subfield>
    <subfield code="a">DBAD</subfield>
    <subfield code="b">DBAD</subfield>
    <subfield code="d">2017-12-08</subfield>
    <subfield code="e">DBAD/PUB</subfield>
    <subfield code="g">629.00</subfield>
    <subfield code="l">0</subfield>
    <subfield code="o">519.5 BUS</subfield>
    <subfield code="p">EN-105328</subfield>
    <subfield code="r">2017-12-08 00:00:00</subfield>
    <subfield code="t">1</subfield>
    <subfield code="v">629.00</subfield>
    <subfield code="w">2017-12-08</subfield>
    <subfield code="y">EN</subfield>
  </datafield>
  <datafield tag="952" ind1=" " ind2=" ">
    <subfield code="0">0</subfield>
    <subfield code="1">0</subfield>
    <subfield code="4">0</subfield>
    <subfield code="7">0</subfield>
    <subfield code="8">NFIC</subfield>
    <subfield code="a">L</subfield>
    <subfield code="b">L</subfield>
    <subfield code="d">2018-02-10</subfield>
    <subfield code="e">BSB/299/1.12.2017/BPPB/EN/2017-18/641/20.11.17/14.12.2017</subfield>
    <subfield code="g">699.00</subfield>
    <subfield code="l">14</subfield>
    <subfield code="m">1</subfield>
    <subfield code="o">519.5 BUS</subfield>
    <subfield code="p">B-683953</subfield>
    <subfield code="r">2025-12-05 00:00:00</subfield>
    <subfield code="s">2025-12-04</subfield>
    <subfield code="t">1</subfield>
    <subfield code="v">699.00</subfield>
    <subfield code="y">EN</subfield>
  </datafield>
  <datafield tag="952" ind1=" " ind2=" ">
    <subfield code="0">0</subfield>
    <subfield code="1">0</subfield>
    <subfield code="4">0</subfield>
    <subfield code="7">0</subfield>
    <subfield code="8">NFIC</subfield>
    <subfield code="a">AV</subfield>
    <subfield code="b">AV</subfield>
    <subfield code="d">2018-02-10</subfield>
    <subfield code="e">BSB/299/1.12.2017/BPPB/EN/2017-18/641/20.11.17/14.12.2017</subfield>
    <subfield code="g">699.00</subfield>
    <subfield code="l">4</subfield>
    <subfield code="m">2</subfield>
    <subfield code="o">519.5 BUS</subfield>
    <subfield code="p">B-683954</subfield>
    <subfield code="r">2021-09-08 00:00:00</subfield>
    <subfield code="s">2021-08-25</subfield>
    <subfield code="t">1</subfield>
    <subfield code="v">699.00</subfield>
    <subfield code="y">EN</subfield>
  </datafield>
  <datafield tag="952" ind1=" " ind2=" ">
    <subfield code="0">0</subfield>
    <subfield code="1">0</subfield>
    <subfield code="4">0</subfield>
    <subfield code="7">0</subfield>
    <subfield code="8">NFIC</subfield>
    <subfield code="a">BL1</subfield>
    <subfield code="b">BL1</subfield>
    <subfield code="d">2018-02-10</subfield>
    <subfield code="e">BSB/299/1.12.2017/BPPB/EN/2017-18/641/20.11.17/14.12.2017</subfield>
    <subfield code="g">699.00</subfield>
    <subfield code="l">6</subfield>
    <subfield code="o">519.5 BUS</subfield>
    <subfield code="p">B-683955</subfield>
    <subfield code="r">2023-11-21 00:00:00</subfield>
    <subfield code="s">2023-11-07</subfield>
    <subfield code="t">1</subfield>
    <subfield code="v">699.00</subfield>
    <subfield code="y">EN</subfield>
  </datafield>
  <datafield tag="952" ind1=" " ind2=" ">
    <subfield code="0">0</subfield>
    <subfield code="1">0</subfield>
    <subfield code="4">0</subfield>
    <subfield code="7">0</subfield>
    <subfield code="8">NFIC</subfield>
    <subfield code="a">KGM</subfield>
    <subfield code="b">KGM</subfield>
    <subfield code="d">2018-02-10</subfield>
    <subfield code="e">BSB/299/1.12.2017/BPPB/EN/2017-18/641/20.11.17/14.12.2017</subfield>
    <subfield code="g">699.00</subfield>
    <subfield code="l">0</subfield>
    <subfield code="o">519.5 BUS</subfield>
    <subfield code="p">B-683956</subfield>
    <subfield code="r">2018-02-10 00:00:00</subfield>
    <subfield code="t">1</subfield>
    <subfield code="v">699.00</subfield>
    <subfield code="y">EN</subfield>
  </datafield>
  <datafield tag="952" ind1=" " ind2=" ">
    <subfield code="0">0</subfield>
    <subfield code="1">0</subfield>
    <subfield code="4">0</subfield>
    <subfield code="7">0</subfield>
    <subfield code="8">NFIC</subfield>
    <subfield code="a">PR</subfield>
    <subfield code="b">PR</subfield>
    <subfield code="d">2018-02-10</subfield>
    <subfield code="e">BSB/299/1.12.2017/BPPB/EN/2017-18/641/20.11.17/14.12.2017</subfield>
    <subfield code="g">699.00</subfield>
    <subfield code="l">0</subfield>
    <subfield code="o">519.5 BUS</subfield>
    <subfield code="p">B-683957</subfield>
    <subfield code="r">2018-02-10 00:00:00</subfield>
    <subfield code="t">1</subfield>
    <subfield code="v">699.00</subfield>
    <subfield code="y">EN</subfield>
  </datafield>
  <datafield tag="952" ind1=" " ind2=" ">
    <subfield code="0">0</subfield>
    <subfield code="1">0</subfield>
    <subfield code="4">0</subfield>
    <subfield code="7">0</subfield>
    <subfield code="8">NFIC</subfield>
    <subfield code="a">TN</subfield>
    <subfield code="b">TN</subfield>
    <subfield code="d">2018-02-10</subfield>
    <subfield code="e">BSB/299/1.12.2017/BPPB/EN/2017-18/641/20.11.17/14.12.2017</subfield>
    <subfield code="g">699.00</subfield>
    <subfield code="l">0</subfield>
    <subfield code="o">519.5 BUS</subfield>
    <subfield code="p">B-683958</subfield>
    <subfield code="r">2018-02-10 00:00:00</subfield>
    <subfield code="t">1</subfield>
    <subfield code="v">699.00</subfield>
    <subfield code="y">EN</subfield>
  </datafield>
  <datafield tag="952" ind1=" " ind2=" ">
    <subfield code="0">0</subfield>
    <subfield code="1">0</subfield>
    <subfield code="4">0</subfield>
    <subfield code="7">0</subfield>
    <subfield code="8">NFIC</subfield>
    <subfield code="a">JP</subfield>
    <subfield code="b">JP</subfield>
    <subfield code="d">2018-02-10</subfield>
    <subfield code="e">BSB/299/1.12.2017/BPPB/EN/2017-18/641/20.11.17/14.12.2017</subfield>
    <subfield code="g">699.00</subfield>
    <subfield code="l">5</subfield>
    <subfield code="m">1</subfield>
    <subfield code="o">519.5 BUS</subfield>
    <subfield code="p">B-683959</subfield>
    <subfield code="r">2019-12-10 00:00:00</subfield>
    <subfield code="s">2019-11-06</subfield>
    <subfield code="t">1</subfield>
    <subfield code="v">699.00</subfield>
    <subfield code="y">EN</subfield>
  </datafield>
  <datafield tag="952" ind1=" " ind2=" ">
    <subfield code="0">0</subfield>
    <subfield code="1">0</subfield>
    <subfield code="4">0</subfield>
    <subfield code="7">0</subfield>
    <subfield code="8">NFIC</subfield>
    <subfield code="a">ZLS</subfield>
    <subfield code="b">ZLS</subfield>
    <subfield code="d">2018-02-10</subfield>
    <subfield code="e">BSB/299/1.12.2017/BPPB/EN/2017-18/641/20.11.17/14.12.2017</subfield>
    <subfield code="g">699.00</subfield>
    <subfield code="l">6</subfield>
    <subfield code="m">2</subfield>
    <subfield code="o">519.5 BUS</subfield>
    <subfield code="p">B-683960</subfield>
    <subfield code="r">2023-05-09 00:00:00</subfield>
    <subfield code="s">2023-04-29</subfield>
    <subfield code="t">1</subfield>
    <subfield code="v">699.00</subfield>
    <subfield code="y">EN</subfield>
  </datafield>
  <datafield tag="952" ind1=" " ind2=" ">
    <subfield code="0">0</subfield>
    <subfield code="1">0</subfield>
    <subfield code="4">0</subfield>
    <subfield code="7">0</subfield>
    <subfield code="8">NFIC</subfield>
    <subfield code="a">RKP</subfield>
    <subfield code="b">RKP</subfield>
    <subfield code="d">2018-02-10</subfield>
    <subfield code="e">BSB/299/1.12.2017/BPPB/EN/2017-18/641/20.11.17/14.12.2017</subfield>
    <subfield code="g">699.00</subfield>
    <subfield code="l">0</subfield>
    <subfield code="o">519.5 BUS</subfield>
    <subfield code="p">B-683961</subfield>
    <subfield code="r">2018-02-10 00:00:00</subfield>
    <subfield code="t">1</subfield>
    <subfield code="v">699.00</subfield>
    <subfield code="y">EN</subfield>
  </datafield>
  <datafield tag="952" ind1=" " ind2=" ">
    <subfield code="0">0</subfield>
    <subfield code="1">0</subfield>
    <subfield code="4">0</subfield>
    <subfield code="7">0</subfield>
    <subfield code="8">NFIC</subfield>
    <subfield code="a">NRR</subfield>
    <subfield code="b">NRR</subfield>
    <subfield code="d">2018-02-10</subfield>
    <subfield code="e">BSB/299/1.12.2017/BPPB/EN/2017-18/641/20.11.17/14.12.2017</subfield>
    <subfield code="g">699.00</subfield>
    <subfield code="l">0</subfield>
    <subfield code="o">519.5 BUS</subfield>
    <subfield code="p">B-683962</subfield>
    <subfield code="r">2018-02-10 00:00:00</subfield>
    <subfield code="t">1</subfield>
    <subfield code="v">699.00</subfield>
    <subfield code="y">EN</subfield>
  </datafield>
  <datafield tag="952" ind1=" " ind2=" ">
    <subfield code="0">0</subfield>
    <subfield code="1">0</subfield>
    <subfield code="4">0</subfield>
    <subfield code="7">0</subfield>
    <subfield code="8">NFIC</subfield>
    <subfield code="a">BKK</subfield>
    <subfield code="b">BKK</subfield>
    <subfield code="d">2018-02-10</subfield>
    <subfield code="e">BSB/299/1.12.2017/BPPB/EN/2017-18/641/20.11.17/14.12.2017</subfield>
    <subfield code="g">699.00</subfield>
    <subfield code="l">2</subfield>
    <subfield code="m">2</subfield>
    <subfield code="o">519.5 BUS</subfield>
    <subfield code="p">B-683963</subfield>
    <subfield code="r">2020-10-14 00:00:00</subfield>
    <subfield code="s">2020-03-14</subfield>
    <subfield code="t">1</subfield>
    <subfield code="v">699.00</subfield>
    <subfield code="y">EN</subfield>
  </datafield>
  <datafield tag="952" ind1=" " ind2=" ">
    <subfield code="0">0</subfield>
    <subfield code="1">0</subfield>
    <subfield code="4">0</subfield>
    <subfield code="7">0</subfield>
    <subfield code="8">NFIC</subfield>
    <subfield code="a">NR</subfield>
    <subfield code="b">NR</subfield>
    <subfield code="d">2018-02-10</subfield>
    <subfield code="e">BSB/299/1.12.2017/BPPB/EN/2017-18/641/20.11.17/14.12.2017</subfield>
    <subfield code="g">699.00</subfield>
    <subfield code="l">0</subfield>
    <subfield code="o">519.5 BUS</subfield>
    <subfield code="p">B-683964</subfield>
    <subfield code="r">2018-02-10 00:00:00</subfield>
    <subfield code="t">1</subfield>
    <subfield code="v">699.00</subfield>
    <subfield code="y">EN</subfield>
  </datafield>
  <datafield tag="952" ind1=" " ind2=" ">
    <subfield code="0">0</subfield>
    <subfield code="1">0</subfield>
    <subfield code="4">0</subfield>
    <subfield code="7">0</subfield>
    <subfield code="8">NFIC</subfield>
    <subfield code="a">BN</subfield>
    <subfield code="b">BN</subfield>
    <subfield code="d">2018-02-10</subfield>
    <subfield code="e">BSB/299/1.12.2017/BPPB/EN/2017-18/641/20.11.17/14.12.2017</subfield>
    <subfield code="g">699.00</subfield>
    <subfield code="l">1</subfield>
    <subfield code="o">519.5 BUS</subfield>
    <subfield code="p">B-683965</subfield>
    <subfield code="r">2021-03-08 00:00:00</subfield>
    <subfield code="s">2021-02-24</subfield>
    <subfield code="t">1</subfield>
    <subfield code="v">699.00</subfield>
    <subfield code="y">EN</subfield>
  </datafield>
  <datafield tag="952" ind1=" " ind2=" ">
    <subfield code="0">0</subfield>
    <subfield code="1">0</subfield>
    <subfield code="4">0</subfield>
    <subfield code="7">0</subfield>
    <subfield code="8">NFIC</subfield>
    <subfield code="a">BL4</subfield>
    <subfield code="b">BL4</subfield>
    <subfield code="d">2018-02-10</subfield>
    <subfield code="e">BSB/299/1.12.2017/BPPB/EN/2017-18/641/20.11.17/14.12.2017</subfield>
    <subfield code="g">699.00</subfield>
    <subfield code="l">5</subfield>
    <subfield code="m">2</subfield>
    <subfield code="o">519.5 BUS</subfield>
    <subfield code="p">B-683966</subfield>
    <subfield code="r">2024-09-02 00:00:00</subfield>
    <subfield code="s">2024-08-20</subfield>
    <subfield code="t">1</subfield>
    <subfield code="v">699.00</subfield>
    <subfield code="y">EN</subfield>
  </datafield>
  <datafield tag="952" ind1=" " ind2=" ">
    <subfield code="0">0</subfield>
    <subfield code="1">0</subfield>
    <subfield code="4">0</subfield>
    <subfield code="7">0</subfield>
    <subfield code="8">NFIC</subfield>
    <subfield code="a">VV</subfield>
    <subfield code="b">VV</subfield>
    <subfield code="d">2018-02-10</subfield>
    <subfield code="e">BSB/299/1.12.2017/BPPB/EN/2017-18/641/20.11.17/14.12.2017</subfield>
    <subfield code="g">699.00</subfield>
    <subfield code="l">0</subfield>
    <subfield code="o">519.5 BUS</subfield>
    <subfield code="p">B-683967</subfield>
    <subfield code="r">2018-02-10 00:00:00</subfield>
    <subfield code="t">1</subfield>
    <subfield code="v">699.00</subfield>
    <subfield code="y">EN</subfield>
  </datafield>
</record>
